000 00333nam a2200145Ia 4500
008 221030s9999 xx 000 0 und d
041 _aEnglish
082 _a105.23
_bRaj
100 _aR. K. Rajput
245 0 _aAlternating Current Machines
260 _bLaxmi Pub
_aNew Delhi
_c1998
300 _a589
650 _aEE
942 _cBK
999 _c1680
_d1680